Introduction to R for Quantitative Finance (Record no. 2110)
[ view plain ]
| 000 -LEADER | |
|---|---|
| fixed length control field | 00303nam a2200133Ia 4500 |
| 008 - FIXED-LENGTH DATA ELEMENTS--GENERAL INFORMATION | |
| fixed length control field | 230523s9999 xx 000 0 und d |
| 100 ## - MAIN ENTRY--PERSONAL NAME | |
| Main Author Name | Daroczi, Gergely |
| 245 #0 - TITLE STATEMENT | |
| Title | Introduction to R for Quantitative Finance |
| 260 ## - PUBLICATION, DISTRIBUTION, ETC. | |
| Place of publication | Mumbai |
| 260 ## - PUBLICATION, DISTRIBUTION, ETC. | |
| publisher Name | Packt |
| 260 ## - PUBLICATION, DISTRIBUTION, ETC. | |
| Date of publication | 2013 |
| 300 ## - PHYSICAL DESCRIPTION | |
| Number Of Page | 148 |
| 942 ## - ADDED ENTRY ELEMENTS (KOHA) | |
| Koha item type | Reference Book |
| Lost status | Not for loan | Home library | Current library | Date last seen | Koha item type | School | Total Checkouts | Barcode | Date last checked out | Cost, replacement price | Price effective from | Withdrawn status | Date acquired | Source of acquisition | Cost, normal purchase price | Discount | Bill Date | Bill No | Net Amount |
|---|---|---|---|---|---|---|---|---|---|---|---|---|---|---|---|---|---|---|---|
| BGU Central Library | BGU Central Library | 12/08/2024 | Reference Book | School of Management | 1 | 12034 | 02/01/2024 | 3099.00 | 23/05/2023 | 17/02/2023 | Usha Book Enterprise, Kolkata | 3099.00 | 15 | 2023-02-15 | 31 | 2634.15 | |||
| BGU Central Library | BGU Central Library | 23/05/2023 | Reference Book | School of Management | 12035 | 3099.00 | 23/05/2023 | 17/02/2023 | Usha Book Enterprise, Kolkata | 3099.00 | 15 | 2023-02-15 | 31 | 2634.15 |

2cqr automation private limited, Chennai. All Rights Reserved.